Vectorism : Vector Graphic Today /

Enregistré dans:
Détails bibliographiques
Auteur principal: Cheung, Victor (idea original y dir. artística)
Autres auteurs: Brooks, Mark (prólogo) (prólogo), Craig and Karl (prólogo) (prólogo)
Format: Livre
Langue:anglais
Publié: Hong Kong, China : Victionary, 2011, c2011
Sujets:
Tags: Ajouter un tag
Pas de tags, Soyez le premier à ajouter un tag!

MARC

LEADER 00000nam^a2200000^a^4500
001 000324386
005 20250521000000.0
008 120912 20112011
009 20260310113707.123
020 |a 978-988-19438-0-4 
037 |a Acervo ITESO - Biblioteca 
041 |a ING 
082 |a 741. 60285  |b CHE 
100 |a Cheung, Victor  |e (idea original y dir. artística) 
245 1 0 |a Vectorism :  |b Vector Graphic Today /  |c Idea original y dir. artística de V. Cheung ; pról. de M. Brooks, Craig and Karl. 
264 4 |a Hong Kong, China :  |b Victionary,  |c 2011, c2011 
300 |a 295 p. 
336 |a texto  |b txt  |2 rdacontenido 
337 |a sin mediación  |b n  |2 rdamedio 
338 |a volumen  |b nc  |2 rdasoporte 
521 |a 2013 BO Licenciatura en Mercadotecnia 
649 |a XX 
650 |a Gráficas por Computadora -  |x Tema Principal 
650 |a Diseño Asistido por Computadora -  |x Tema Principal 
650 |a Diseño Gráfico -  |x Historia -  |y 2000-2009 
650 |a Diseño Gráfico -  |x Historia -  |y Siglo XXI 
650 |a Diseño Gráfico -  |x Tema Principal 
650 |a Comunicación Visual 
700 |a Brooks, Mark  |e (prólogo) 
700 |a Craig and Karl  |e (prólogo) 
910 |a Fondo General 
920 |a Impresos - Libros 
930 |a Colección General 
905 |a 101 
901 |a 0500219816  |b IT1  |c ACC  |i C136571  |u 20250521 
902 |a https://opac.biblio.iteso.mx/vufind/Record/000324386